Ultimate Penn State Football Quiz - Statistics

General Stats
  • This quiz has been taken 154 times
  • The average score is 10 of 15
Answer Stats
Question Answer % Correct
What is the name of the stadium Penn State plays in? Beaver Stadium
98%
What conference is Penn State in? Big Ten
96%
Who is Penn state's current head coach? James Franklin
93%
What is the theme of Penn State's biggest home game? White Out
86%
Which coach has the most wins of all time? Joe Paterno
81%
When did Penn State win its last conference championship? 2016
80%
When did Penn State win its last national championship? 1986
75%
Who has the most career passing yards? Sean Clifford
70%
Which running back has the most total offensive points? Saquon Barkley
64%
Which opponent has Penn State played the most times? Pittsburgh
57%
What is Penn State football's official fight song? Fight on State
41%
Who is Penn State's only Heisman winner (1973)? John Cappelletti
39%
Which player was selected first in the NFL draft in 2000? Courtney Brown
28%
Who has the most career receiving yards? Bobby Engram
23%
Who has the most career rushing yards? Evan Royster
23%
No matching quizzes found
Score Distribution
Percent of People with Each Score
Percentile by Number Answered
Your Score History
You have not taken this quiz